Statistics for "United" Countries

Click here to take the quiz!

General Stats

  • This quiz has been taken 61 times
  • The average score is 4 of 5

Answer Stats

ContinentPopulationCountry (Official Name)% Correct
North America334 millionUnited {States of America}
100%
Asia9.28 millionUnited {Arab Emirates}
90%
Europe68.2 millionUnited {Kingdom of Great Britain and Northern Ireland}
90%
North America128 million
United {Mexican} States
64%
Africa61.7 millionUnited Republic of {Tanzania}
31%

Score Distribution

Percentile by Number Answered

Percent of People with Each Score

Your Score History

You have not taken this quiz